Introduction to Operations Research (Record no. 4819)
[ view plain ]
| 005 - DATE AND TIME OF LATEST TRANSACTION | |
|---|---|
| control field | 20250624104831.0 |
| 020 ## - INTERNATIONAL STANDARD BOOK NUMBER | |
| International Standard Book Number | 0-07-252744-7 |
| 082 ## - DEWEY DECIMAL CLASSIFICATION NUMBER | |
| Classification number | 658.4'032HIL |
| 100 ## - MAIN ENTRY--PERSONAL NAME | |
| Author name | HILLIER. F. S. |
| 245 ## - TITLE STATEMENT | |
| Title | Introduction to Operations Research |
| 250 ## - EDITION STATEMENT | |
| Edition statement | 8th Ed. |
| 260 ## - PUBLICATION, DISTRIBUTION, ETC. | |
| Place of publication, distribution, etc. | New York, |
| Name of publisher, distributor, etc. | JONES. E. A, |
| Date of publication, distribution, etc. | 2005. |
| 300 ## - PHYSICAL DESCRIPTION | |
| Extent | xxv, 1061p,; ill, figure & table |
| Other physical details | Appendix & Index |
| Dimensions | 26cm |
| 700 ## - ADDED ENTRY--PERSONAL NAME | |
| Other authors/Editors | LIEBERMAN. G. J. |
| 942 ## - ADDED ENTRY ELEMENTS (KOHA) | |
| Source of classification or shelving scheme | Dewey Decimal Classification |
| Koha item type | Books |
| Date last seen | Total checkouts | Full call number | Barcode | Cost, replacement price | Price effective from | Koha item type | Lost status | Source of classification or shelving scheme | Damaged status | Not for loan | Withdrawn status | Home library | Current library | Shelving location | Date acquired | Cost, normal purchase price |
|---|---|---|---|---|---|---|---|---|---|---|---|---|---|---|---|---|
| 06/24/2025 | 658.4'032HIL | DOM0001842 | 375000.00 | 06/24/2025 | Books | Dewey Decimal Classification | CBE Dodoma | CBE Dodoma | Special Reserve Collection | 04/26/2010 | 125000.00 | |||||
| 06/27/2025 | 658.403 HIL | DOM0001644 | 375000.00 | 06/27/2025 | Books | Dewey Decimal Classification | CBE Dodoma | CBE Dodoma | General Collection | 04/26/2010 | 125000.00 |
